| 000 | 00794nam a2200133Ia 4500 | ||
|---|---|---|---|
| 008 | 171212s9999 xx 000 0 und d | ||
| 020 | _a9780833050489 | ||
| 100 | _aBodilly, Susan J.;McCombs, Jennifer Sloan;Orr, Nate;Scherer, Ethan;Constant, Louay | ||
| 245 |
_cBodilly, Susan J.;McCombs, Jennifer Sloan;Orr, Nate;Scherer, Ethan;Constant, Louay _aHours of Opportunity, Volume 1 _bLessons from Five Cities on Building Systems to Improve After-School, Summer School, and Other Out-of-School-Time Programs |
||
| 260 |
_bRAND Corporation _c2010 |
||
| 650 | _aAfter-school programs -- United States -- Case studies; Summer school -- United States -- Case studies; School improvement programs -- United States -- Case studies | ||
| 650 | _aEducation | ||
| 856 | _uwww.jstor.org/stable/10.7249/mg1037wf | ||
| 999 |
_c352148 _d352148 |
||